[Event "Benidorm Satellite preliminary"]
[Site "playchess.com #007036"]
[Date "2009.10.24"]
[Round "5"]
[White "Paradoks10"]
[Black "Masfouf"]
[Result "1-0"]
[WhiteElo "1618"]
[BlackElo "2050"]
[PlyCount "113"]
[EventDate "2009.10.24"]
[EventType "swiss (blitz)"]

1. c4 {[%emt 0:00:04]} e6 {[%emt 0:00:01]} 2. Nc3 {[%emt 0:00:03]} d5 {[%emt 0:
00:00]} 3. g3 {[%emt 0:00:02]} c5 {[%emt 0:00:00]} 4. Bg2 {[%emt 0:00:02]} Nc6
{[%emt 0:00:00]} 5. d3 {[%emt 0:00:03]} Nf6 {[%emt 0:00:01]} 6. Nf3 {[%emt 0:
00:03]} d4 {[%emt 0:00:01]} 7. Nb1 {[%emt 0:00:03]} e5 {[%emt 0:00:01]} 8. O-O
{[%emt 0:00:04]} Be7 {[%emt 0:00:01]} 9. a3 {[%emt 0:00:03]} O-O {[%emt 0:00:
02]} 10. Bd2 {[%emt 0:00:08]} a5 {[%emt 0:00:01]} 11. Kh1 {[%emt 0:00:07]} Bg4
{[%emt 0:00:02]} 12. Bg5 {[%emt 0:00:02]} Qd7 {[%emt 0:00:02]} 13. Nbd2 {[%emt
0:00:06]} h6 {[%emt 0:00:06]} 14. Bxf6 {[%emt 0:00:03]} Bxf6 {[%emt 0:00:01]}
15. Ne4 {[%emt 0:00:00]} Be7 {[%emt 0:00:01]} 16. Rb1 {[%emt 0:00:07]} f5 {
[%emt 0:00:05]} 17. Ned2 {[%emt 0:00:03]} a4 {[%emt 0:00:08]} 18. Ng1 {[%emt 0:
00:13]} Bd6 {[%emt 0:00:15]} 19. h3 {[%emt 0:00:03]} Bh5 {[%emt 0:00:02]} 20.
e4 {[%emt 0:00:04]} dxe3 {[%emt 0:00:02]} 21. Qxh5 {[%emt 0:00:06]} exd2 {
[%emt 0:00:01]} 22. Rbd1 {[%emt 0:00:04]} Nd4 {[%emt 0:00:05]} 23. Rxd2 {[%emt
0:00:03]} Rae8 {[%emt 0:00:10]} 24. Bd5+ {[%emt 0:00:03]} Kh8 {[%emt 0:00:03]}
25. Re1 {[%emt 0:00:08]} f4 {[%emt 0:00:02]} 26. Nf3 {[%emt 0:00:14]} fxg3 {
[%emt 0:00:07]} 27. fxg3 {[%emt 0:00:00]} Rf5 {[%emt 0:00:35]} 28. Qg4 {[%emt
0:00:10]} Ref8 {[%emt 0:00:08]} 29. Nxd4 {[%emt 0:00:04]} cxd4 {[%emt 0:00:03]}
30. Be4 {[%emt 0:00:10]} Rf1+ {[%emt 0:00:07]} 31. Rxf1 {[%emt 0:00:03]} Rxf1+
{[%emt 0:00:01]} 32. Kg2 {[%emt 0:00:01]} Qxg4 {[%emt 0:00:01]} 33. hxg4 {
[%emt 0:00:00]} Rf6 {[%emt 0:00:05]} 34. Bxb7 {[%emt 0:00:04]} Kg8 {[%emt 0:00:
03]} 35. Bd5+ {[%emt 0:00:13]} Kf8 {[%emt 0:00:02]} 36. Rc2 {[%emt 0:00:03]}
Bc5 {[%emt 0:00:04]} 37. Be4 {[%emt 0:00:10]} Ke7 {[%emt 0:00:05]} 38. Rf2 {
[%emt 0:00:04]} Rb6 {[%emt 0:00:10]} 39. Bd5 {[%emt 0:00:06]} Rf6 {[%emt 0:00:
03]} 40. Rxf6 {[%emt 0:00:03]} Kxf6 {[%emt 0:00:09]} 41. Kf3 {[%emt 0:00:02]}
Ke7 {[%emt 0:00:02]} 42. Bc6 {[%emt 0:00:02]} Kd6 {[%emt 0:00:04]} 43. Bxa4 {
[%emt 0:00:01]} Bb6 {[%emt 0:00:02]} 44. b4 {[%emt 0:00:02]} Bd8 {[%emt 0:00:
02]} 45. Ke4 {[%emt 0:00:02]} Bf6 {[%emt 0:00:02]} 46. Be8 {[%emt 0:00:04]} Kc7
{[%emt 0:00:05]} 47. Kd5 {[%emt 0:00:07]} Kd8 {[%emt 0:00:02]} 48. Bg6 {[%emt
0:00:02]} Kc7 {[%emt 0:00:01]} 49. c5 {[%emt 0:00:01]} Kd7 {[%emt 0:00:06]} 50.
b5 {[%emt 0:00:01]} Kc7 {[%emt 0:00:01]} 51. a4 {[%emt 0:00:02]} Be7 {[%emt 0:
00:01]} 52. a5 {[%emt 0:00:01]} Bf8 {[%emt 0:00:04]} 53. a6 {[%emt 0:00:01]}
Kb8 {[%emt 0:00:03]} 54. b6 {[%emt 0:00:02]} Ka8 {[%emt 0:00:04]} 55. c6 {
[%emt 0:00:02]} Kb8 {[%emt 0:00:04]} 56. a7+ {[%emt 0:00:02]} Ka8 {[%emt 0:00:
04]} 57. Kxe5 {[%emt 0:00:05] Masfouf resigns} 1-0

[Event "Benidorm Satellite preliminary"]
[Site "playchess.com #007036"]
[Date "2009.10.24"]
[Round "5"]
[White "MONFMA0214"]
[Black "Thanasis892"]
[Result "1/2-1/2"]
[WhiteElo "1669"]
[BlackElo "1920"]
[PlyCount "124"]
[EventDate "2009.10.24"]
[EventType "swiss (blitz)"]

1. e4 {[%emt 0:00:01]} c6 {[%emt 0:00:01]} 2. d4 {[%emt 0:00:01]} d5 {[%emt 0:
00:01]} 3. exd5 {[%emt 0:00:00]} cxd5 {[%emt 0:00:01]} 4. c4 {[%emt 0:00:00]}
g6 {[%emt 0:00:03]} 5. Nc3 {[%emt 0:00:02]} Bg7 {[%emt 0:00:02]} 6. cxd5 {
[%emt 0:00:05]} Nf6 {[%emt 0:00:04]} 7. Bc4 {[%emt 0:00:08]} Nbd7 {[%emt 0:00:
02]} 8. Nf3 {[%emt 0:00:03]} Nb6 {[%emt 0:00:05]} 9. Bb3 {[%emt 0:00:19]} O-O {
[%emt 0:00:03]} 10. O-O {[%emt 0:00:01]} Nfxd5 {[%emt 0:00:03]} 11. Nxd5 {
[%emt 0:00:03]} Nxd5 {[%emt 0:00:02]} 12. Bg5 {[%emt 0:00:16]} h6 {[%emt 0:00:
05]} 13. Bd2 {[%emt 0:00:02]} Bg4 {[%emt 0:00:04]} 14. Bc3 {[%emt 0:00:05]} Rc8
{[%emt 0:00:03]} 15. h3 {[%emt 0:00:13]} Bf5 {[%emt 0:00:11]} 16. Rc1 {[%emt 0:
00:10]} h5 {[%emt 0:00:04]} 17. Qd2 {[%emt 0:00:08]} e6 {[%emt 0:00:18]} 18.
Ne5 {[%emt 0:00:28]} Bxe5 {[%emt 0:00:06]} 19. dxe5 {[%emt 0:00:03]} Nxc3 {
[%emt 0:00:01]} 20. Qxd8 {[%emt 0:00:10]} Rfxd8 {[%emt 0:00:00]} 21. bxc3 {
[%emt 0:00:09]} Rc5 {[%emt 0:00:04]} 22. f4 {[%emt 0:00:05]} Rd3 {[%emt 0:00:
13]} 23. c4 {[%emt 0:00:13]} Rc8 {[%emt 0:00:11]} 24. Rfd1 {[%emt 0:00:13]}
Rcd8 {[%emt 0:00:05]} 25. Rxd3 {[%emt 0:00:05]} Rxd3 {[%emt 0:00:01]} 26. Kf2 {
[%emt 0:00:02]} h4 {[%emt 0:00:06]} 27. Rd1 {[%emt 0:00:02]} Kf8 {[%emt 0:00:
13]} 28. Rxd3 {[%emt 0:00:03]} Bxd3 {[%emt 0:00:01]} 29. g3 {[%emt 0:00:02]}
hxg3+ {[%emt 0:00:03]} 30. Kxg3 {[%emt 0:00:01]} Ke7 {[%emt 0:00:01]} 31. Kf3 {
[%emt 0:00:06]} Kd7 {[%emt 0:00:05]} 32. Ke3 {[%emt 0:00:01]} Bf5 {[%emt 0:00:
01]} 33. h4 {[%emt 0:00:01]} Kc6 {[%emt 0:00:06]} 34. Kd4 {[%emt 0:00:01]} b6 {
[%emt 0:00:01]} 35. a3 {[%emt 0:00:02]} a6 {[%emt 0:00:08]} 36. Ba4+ {[%emt 0:
00:01]} Kc7 {[%emt 0:00:01]} 37. Be8 {[%emt 0:00:02] Thanasis892 offers a draw}
Bg4 {[%emt 0:00:08]} 38. Bxf7 {[%emt 0:00:02]} Bf5 {[%emt 0:00:00]} 39. h5 {
[%emt 0:00:03]} gxh5 {[%emt 0:00:02]} 40. Bxh5 {[%emt 0:00:01]} Kc6 {[%emt 0:
00:02]} 41. Be8+ {[%emt 0:00:01]} Kc7 {[%emt 0:00:01]} 42. a4 {[%emt 0:00:17]}
Kd8 {[%emt 0:00:05]} 43. Bf7 {[%emt 0:00:07]} Kc7 {[%emt 0:00:01]} 44. c5 {
[%emt 0:00:03]} Bg4 {[%emt 0:00:29] '} 45. cxb6+ {[%emt 0:00:01]} Kxb6 {[%emt
0:00:01]} 46. Kc4 {[%emt 0:00:01]} Be2+ {[%emt 0:00:05]} 47. Kb4 {[%emt 0:00:
01]} a5+ {[%emt 0:00:02]} 48. Kc3 {[%emt 0:00:03]} Bg4 {[%emt 0:00:02]} 49. Bg6
{[%emt 0:00:02]} Kc5 {[%emt 0:00:04]} 50. Bc2 {[%emt 0:00:02]} Bh3 {[%emt 0:00:
03]} 51. Kd3 {[%emt 0:00:02]} Bf5+ {[%emt 0:00:21]} 52. Kc3 {[%emt 0:00:01]}
Bxc2 {[%emt 0:00:00]} 53. Kxc2 {[%emt 0:00:01]} Kd4 {[%emt 0:00:00]} 54. Kb3 {
[%emt 0:00:07]} Ke4 {[%emt 0:00:01]} 55. Kc4 {[%emt 0:00:00]} Kxf4 {[%emt 0:00:
01]} 56. Kb5 {[%emt 0:00:00]} Kxe5 {[%emt 0:00:01]} 57. Kxa5 {[%emt 0:00:00]}
Kf4 {[%emt 0:00:21]} 58. Kb6 {[%emt 0:00:01]} e5 {[%emt 0:00:00]} 59. a5 {
[%emt 0:00:01]} e4 {[%emt 0:00:00]} 60. a6 {[%emt 0:00:01]} e3 {[%emt 0:00:01]}
61. a7 {[%emt 0:00:01]} e2 {[%emt 0:00:00]} 62. a8=Q {[%emt 0:00:02]} e1=Q {
[%emt 0:00:01] MONFMA0214 ofrece tablas Arbiter Decision (Draw by material)}
1/2-1/2

[Event "Benidorm Satellite preliminary"]
[Site "playchess.com #007036"]
[Date "2009.10.24"]
[Round "5"]
[White "LA ROSA ANGEL"]
[Black "Althusius"]
[Result "1-0"]
[WhiteElo "1510"]
[BlackElo "1684"]
[PlyCount "129"]
[EventDate "2009.10.24"]
[EventType "swiss (blitz)"]

1. d4 {[%emt 0:00:02]} Nf6 {[%emt 0:00:02]} 2. c4 {[%emt 0:00:02]} e6 {[%emt 0:
00:01]} 3. Nf3 {[%emt 0:00:02]} b6 {[%emt 0:00:05]} 4. Nc3 {[%emt 0:00:03]} Bb7
{[%emt 0:00:01]} 5. Bg5 {[%emt 0:00:01]} Be7 {[%emt 0:00:01]} 6. e3 {[%emt 0:
00:01]} h6 {[%emt 0:00:01]} 7. Bxf6 {[%emt 0:00:02]} Bxf6 {[%emt 0:00:01]} 8.
Bd3 {[%emt 0:00:01]} O-O {[%emt 0:00:01]} 9. Qe2 {[%emt 0:00:01]} d6 {[%emt 0:
00:03]} 10. O-O {[%emt 0:00:02]} e5 {[%emt 0:00:02]} 11. d5 {[%emt 0:00:06]}
Nd7 {[%emt 0:00:23]} 12. b4 {[%emt 0:00:04]} a5 {[%emt 0:00:03]} 13. a3 {[%emt
0:00:03]} Qe7 {[%emt 0:00:03]} 14. Nd2 {[%emt 0:00:04]} Rfe8 {[%emt 0:00:32]}
15. Nde4 {[%emt 0:00:10]} Nf8 {[%emt 0:00:09]} 16. Nxf6+ {[%emt 0:00:03]} Qxf6
{[%emt 0:00:01]} 17. Ne4 {[%emt 0:00:01]} Qh4 {[%emt 0:00:22]} 18. Qf3 {[%emt
0:00:05]} Bc8 {[%emt 0:00:08]} 19. Rfe1 {[%emt 0:00:17]} f5 {[%emt 0:00:22]}
20. Qg3 {[%emt 0:00:03]} Qxg3 {[%emt 0:00:27]} 21. Nxg3 {[%emt 0:00:04]} g6 {
[%emt 0:00:03]} 22. h4 {[%emt 0:00:08]} h5 {[%emt 0:00:06]} 23. f4 {[%emt 0:00:
06]} e4 {[%emt 0:00:08]} 24. Bc2 {[%emt 0:00:03]} Nh7 {[%emt 0:00:01]} 25. Ne2
{[%emt 0:00:07]} Nf6 {[%emt 0:00:02]} 26. Nd4 {[%emt 0:00:03]} Bd7 {[%emt 0:00:
01]} 27. g3 {[%emt 0:00:32]} Kf7 {[%emt 0:00:01]} 28. Kg2 {[%emt 0:00:02]} Ra7
{[%emt 0:00:01]} 29. Rab1 {[%emt 0:00:05]} Rea8 {[%emt 0:00:02]} 30. Re2 {
[%emt 0:00:03]} axb4 {[%emt 0:00:01]} 31. axb4 {[%emt 0:00:02]} Ra2 {[%emt 0:
00:01]} 32. Bd1 {[%emt 0:00:02]} Rxe2+ {[%emt 0:00:01]} 33. Bxe2 {[%emt 0:00:
01]} Ra2 {[%emt 0:00:01]} 34. Kf1 {[%emt 0:00:01]} Ke7 {[%emt 0:00:06]} 35. Rc1
{[%emt 0:00:01]} Rb2 {[%emt 0:00:10]} 36. b5 {[%emt 0:00:01]} Rb4 {[%emt 0:00:
11]} 37. Nc2 {[%emt 0:00:11]} Ra4 {[%emt 0:00:03]} 38. Ra1 {[%emt 0:00:04]}
Rxa1+ {[%emt 0:00:02]} 39. Nxa1 {[%emt 0:00:01]} Kd8 {[%emt 0:00:09]} 40. Ke1 {
[%emt 0:00:03]} Kc8 {[%emt 0:00:03]} 41. Kd2 {[%emt 0:00:00]} Be8 {[%emt 0:00:
06]} 42. Kc3 {[%emt 0:00:00]} Nd7 {[%emt 0:00:01]} 43. Nb3 {[%emt 0:00:03]} Nc5
{[%emt 0:00:02]} 44. Nxc5 {[%emt 0:00:02]} bxc5 {[%emt 0:00:03]} 45. Kb3 {
[%emt 0:00:02]} Kb7 {[%emt 0:00:01]} 46. Ka4 {[%emt 0:00:01]} Kb6 {[%emt 0:00:
01]} 47. Bd1 {[%emt 0:00:07]} Bd7 {[%emt 0:00:01]} 48. Bb3 {[%emt 0:00:03]} Bc8
{[%emt 0:00:01]} 49. Bc2 {[%emt 0:00:02]} Bd7 {[%emt 0:00:04]} 50. Kb3 {[%emt
0:00:02]} Ka5 {[%emt 0:00:02]} 51. Ka3 {[%emt 0:00:01]} Bc8 {[%emt 0:00:01]}
52. Ba4 {[%emt 0:00:02]} Bb7 {[%emt 0:00:09]} 53. b6 {[%emt 0:00:06]} cxb6 {
[%emt 0:00:03]} 54. Be8 {[%emt 0:00:00]} Ba6 {[%emt 0:00:02]} 55. Kb3 {[%emt 0:
00:03]} b5 {[%emt 0:00:03]} 56. cxb5 {[%emt 0:00:01]} Bxb5 {[%emt 0:00:01]} 57.
Bxg6 {[%emt 0:00:02]} Bd3 {[%emt 0:00:05]} 58. Bxh5 {[%emt 0:00:03]} c4+ {
[%emt 0:00:01]} 59. Kc3 {[%emt 0:00:02]} Kb5 {[%emt 0:00:00]} 60. Bg6 {[%emt 0:
00:01]} Kc5 {[%emt 0:00:00]} 61. Bxf5 {[%emt 0:00:00]} Kxd5 {[%emt 0:00:00]}
62. h5 {[%emt 0:00:01]} Be2 {[%emt 0:00:02]} 63. g4 {[%emt 0:00:03]} Kc5 {
[%emt 0:00:01]} 64. h6 {[%emt 0:00:01]} d5 {[%emt 0:00:01]} 65. h7 {[%emt 0:00:
01] Althusius resigns} 1-0

[Event "Benidorm Satellite preliminary"]
[Site "playchess.com #007036"]
[Date "2009.10.24"]
[Round "5"]
[White "FaIlWoRd"]
[Black "Hardrock"]
[Result "1-0"]
[WhiteElo "2696"]
[BlackElo "2600"]
[PlyCount "99"]
[EventDate "2009.10.24"]
[EventType "swiss (blitz)"]

1. e4 {[%emt 0:00:01]} e5 {[%emt 0:00:02]} 2. Nf3 {[%emt 0:00:01]} Nc6 {[%emt
0:00:01]} 3. Bb5 {[%emt 0:00:02]} a6 {[%emt 0:00:05]} 4. Ba4 {[%emt 0:00:01]}
Nf6 {[%emt 0:00:01]} 5. O-O {[%emt 0:00:00]} Be7 {[%emt 0:00:00]} 6. Re1 {
[%emt 0:00:00]} b5 {[%emt 0:00:01]} 7. Bb3 {[%emt 0:00:00]} O-O {[%emt 0:00:01]
} 8. d4 {[%emt 0:00:01]} d6 {[%emt 0:00:02]} 9. c3 {[%emt 0:00:01]} Bg4 {[%emt
0:00:01]} 10. d5 {[%emt 0:00:01]} Na5 {[%emt 0:00:02]} 11. Bc2 {[%emt 0:00:01]}
c6 {[%emt 0:00:02]} 12. h3 {[%emt 0:00:01]} Bc8 {[%emt 0:00:01]} 13. dxc6 {
[%emt 0:00:02]} Qc7 {[%emt 0:00:01]} 14. Nbd2 {[%emt 0:00:01]} h6 {[%emt 0:00:
10]} 15. Nf1 {[%emt 0:00:05]} Be6 {[%emt 0:00:09]} 16. Ng3 {[%emt 0:00:04]}
Nxc6 {[%emt 0:00:11]} 17. Nh4 {[%emt 0:00:01]} d5 {[%emt 0:00:12]} 18. Nhf5 {
[%emt 0:00:01]} d4 {[%emt 0:00:09]} 19. cxd4 {[%emt 0:00:28]} Bb4 {[%emt 0:00:
04]} 20. Rf1 {[%emt 0:00:53]} exd4 {[%emt 0:00:11]} 21. f4 {[%emt 0:00:50]} Bc5
{[%emt 0:00:09]} 22. Kh1 {[%emt 0:00:08]} Kh8 {[%emt 0:00:14]} 23. a3 {[%emt 0:
00:04]} Rac8 {[%emt 0:00:10]} 24. Bd3 {[%emt 0:00:03]} b4 {[%emt 0:00:10]} 25.
e5 {[%emt 0:00:01]} Nd5 {[%emt 0:00:07]} 26. Nxh6 {[%emt 0:00:02]} gxh6 {[%emt
0:00:08]} 27. Qh5 {[%emt 0:00:03]} Kg8 {[%emt 0:00:01]} 28. Qxh6 {[%emt 0:00:
36]} f6 {[%emt 0:00:01]} 29. Nh5 {[%emt 0:00:01]} Rf7 {[%emt 0:00:15]} 30. exf6
{[%emt 0:00:06]} Bf8 {[%emt 0:00:09]} 31. Qg5+ {[%emt 0:00:01]} Kh8 {[%emt 0:
00:04]} 32. Qh4 {[%emt 0:00:02]} Rh7 {[%emt 0:00:09]} 33. Bxh7 {[%emt 0:00:03]}
Qxh7 {[%emt 0:00:01]} 34. f5 {[%emt 0:00:06]} Bf7 {[%emt 0:00:09]} 35. g4 {
[%emt 0:00:08]} Bxh5 {[%emt 0:00:02]} 36. gxh5 {[%emt 0:00:02]} bxa3 {[%emt 0:
00:02]} 37. bxa3 {[%emt 0:00:03]} Qf7 {[%emt 0:00:01]} 38. Bg5 {[%emt 0:00:02]}
Nc3 {[%emt 0:00:10]} 39. Rg1 {[%emt 0:00:03]} Qd5+ {[%emt 0:00:07]} 40. Rg2 {
[%emt 0:00:02]} Qxf5 {[%emt 0:00:02]} 41. Qg4 {[%emt 0:00:01]} Qxg4 {[%emt 0:
00:08]} 42. hxg4 {[%emt 0:00:00]} Ne4 {[%emt 0:00:03]} 43. Bh4 {[%emt 0:00:02]}
d3 {[%emt 0:00:00]} 44. g5 {[%emt 0:00:01]} Ne5 {[%emt 0:00:06]} 45. Rd1 {
[%emt 0:00:03]} Bxa3 {[%emt 0:00:06]} 46. g6 {[%emt 0:00:01]} Bc1 {[%emt 0:00:
11]} 47. f7 {[%emt 0:00:01]} d2 {[%emt 0:00:05]} 48. g7+ {[%emt 0:00:03]} Kh7 {
[%emt 0:00:06]} 49. g8=Q+ {[%emt 0:00:01]} Rxg8 {[%emt 0:00:05]} 50. fxg8=Q+ {
[%emt 0:00:01] Hardrock resigns} 1-0

[Event "Benidorm Satellite preliminary"]
[Site "playchess.com #007036"]
[Date "2009.10.24"]
[Round "5"]
[White "Vasily Mln"]
[Black "Palmolive"]
[Result "0-1"]
[WhiteElo "2063"]
[BlackElo "2426"]
[PlyCount "110"]
[EventDate "2009.10.24"]
[EventType "swiss (blitz)"]

1. Nf3 {[%emt 0:00:05]} g6 {[%emt 0:00:04]} 2. d4 {[%emt 0:00:02]} Bg7 {[%emt
0:00:01]} 3. c4 {[%emt 0:00:02]} Nf6 {[%emt 0:00:01]} 4. Nc3 {[%emt 0:00:00]}
O-O {[%emt 0:00:02]} 5. e4 {[%emt 0:00:00]} d6 {[%emt 0:00:01]} 6. Be2 {[%emt
0:00:00]} Nbd7 {[%emt 0:00:05]} 7. O-O {[%emt 0:00:01]} e5 {[%emt 0:00:01]} 8.
Re1 {[%emt 0:00:01]} Re8 {[%emt 0:00:02]} 9. d5 {[%emt 0:00:03]} Nc5 {[%emt 0:
00:01]} 10. Qc2 {[%emt 0:00:04]} a5 {[%emt 0:00:04]} 11. Rb1 {[%emt 0:00:04]}
Bd7 {[%emt 0:00:03]} 12. Bf1 {[%emt 0:00:05]} Nh5 {[%emt 0:00:04]} 13. b3 {
[%emt 0:00:10]} f5 {[%emt 0:00:01]} 14. a3 {[%emt 0:00:34]} Nf6 {[%emt 0:00:10]
} 15. Bg5 {[%emt 0:00:19]} fxe4 {[%emt 0:00:04]} 16. Nd2 {[%emt 0:00:18]} Nd3 {
[%emt 0:00:10]} 17. Rxe4 {[%emt 0:00:15]} Nc5 {[%emt 0:00:10]} 18. Ree1 {[%emt
0:00:03]} Bf5 {[%emt 0:00:01]} 19. Nde4 {[%emt 0:00:06]} h6 {[%emt 0:00:58]}
20. Bxf6 {[%emt 0:00:06]} Bxf6 {[%emt 0:00:01]} 21. b4 {[%emt 0:00:23]} axb4 {
[%emt 0:00:34]} 22. axb4 {[%emt 0:00:00]} Nd7 {[%emt 0:00:02]} 23. Bd3 {[%emt
0:00:03]} Bg7 {[%emt 0:00:04]} 24. Ra1 {[%emt 0:00:02]} Qh4 {[%emt 0:00:08]}
25. c5 {[%emt 0:00:48]} Qe7 {[%emt 0:00:15]} 26. Qb2 {[%emt 0:00:10]} dxc5 {
[%emt 0:00:06]} 27. bxc5 {[%emt 0:00:03]} Nxc5 {[%emt 0:00:01]} 28. Rxa8 {
[%emt 0:00:02]} Rxa8 {[%emt 0:00:02]} 29. Nxc5 {[%emt 0:00:01]} Qxc5 {[%emt 0:
00:03]} 30. Bxf5 {[%emt 0:00:01]} gxf5 {[%emt 0:00:02]} 31. Qxb7 {[%emt 0:00:
01]} Rd8 {[%emt 0:00:10]} 32. Qb3 {[%emt 0:00:02]} Kh8 {[%emt 0:00:05]} 33. Rd1
{[%emt 0:00:01]} e4 {[%emt 0:00:01]} 34. Ne2 {[%emt 0:00:06]} Be5 {[%emt 0:00:
04]} 35. g3 {[%emt 0:00:01]} Kg7 {[%emt 0:00:10]} 36. Kg2 {[%emt 0:00:01]} Rd6
{[%emt 0:00:01]} 37. Rc1 {[%emt 0:00:01]} Qa7 {[%emt 0:00:04]} 38. Qb5 {[%emt
0:00:04]} Rd8 {[%emt 0:00:05]} 39. Rc6 {[%emt 0:00:03]} Qa2 {[%emt 0:00:09]}
40. Re6 {[%emt 0:00:03]} Qxd5 {[%emt 0:00:01]} 41. Qa6 {[%emt 0:00:04]} Rd6 {
[%emt 0:00:02]} 42. Re7+ {[%emt 0:00:03]} Kf6 {[%emt 0:00:02]} 43. Qc8 {[%emt
0:00:05]} Rd8 {[%emt 0:00:04]} 44. Qxf5+ {[%emt 0:00:00]} Kxe7 {[%emt 0:00:01]}
45. Qh5 {[%emt 0:00:03]} e3+ {[%emt 0:00:01]} 46. Qf3 {[%emt 0:00:01]} Qxf3+ {
[%emt 0:00:01]} 47. Kxf3 {[%emt 0:00:00]} exf2 {[%emt 0:00:00]} 48. Kxf2 {
[%emt 0:00:00]} Rd2 {[%emt 0:00:01]} 49. Ke3 {[%emt 0:00:00]} Ra2 {[%emt 0:00:
01]} 50. h3 {[%emt 0:00:01]} c5 {[%emt 0:00:01]} 51. g4 {[%emt 0:00:01]} Ke6 {
[%emt 0:00:03]} 52. Nc1 {[%emt 0:00:00]} Ra3+ {[%emt 0:00:01]} 53. Ke4 {[%emt
0:00:01]} Rxh3 {[%emt 0:00:01]} 54. Nd3 {[%emt 0:00:00]} Bd6 {[%emt 0:00:01]}
55. Nf2 {[%emt 0:00:02]} Rg3 {[%emt 0:00:02] Vasily Mln Ñäàåòñÿ} 0-1

[Event "Benidorm Satellite preliminary"]
[Site "playchess.com #007036"]
[Date "2009.10.24"]
[Round "5"]
[White "Juckel"]
[Black "Xankov"]
[Result "0-1"]
[WhiteElo "1527"]
[BlackElo "1804"]
[PlyCount "114"]
[EventDate "2009.10.24"]
[EventType "swiss (blitz)"]

1. e4 {[%emt 0:00:03]} d5 {[%emt 0:00:03]} 2. exd5 {[%emt 0:00:06]} Qxd5 {
[%emt 0:00:01]} 3. Nc3 {[%emt 0:00:01]} Qd6 {[%emt 0:00:01]} 4. d4 {[%emt 0:00:
09]} Nf6 {[%emt 0:00:02]} 5. Nf3 {[%emt 0:00:08]} a6 {[%emt 0:00:01]} 6. Bc4 {
[%emt 0:00:02]} b5 {[%emt 0:00:03]} 7. Bb3 {[%emt 0:00:01]} Bb7 {[%emt 0:00:06]
} 8. O-O {[%emt 0:00:05]} e6 {[%emt 0:00:04]} 9. Bg5 {[%emt 0:00:26]} Be7 {
[%emt 0:00:16]} 10. Qe2 {[%emt 0:00:04]} O-O {[%emt 0:00:03]} 11. Rad1 {[%emt
0:00:03]} Nbd7 {[%emt 0:00:10]} 12. d5 {[%emt 0:00:06]} exd5 {[%emt 0:00:27]}
13. Rfe1 {[%emt 0:00:19]} Bd8 {[%emt 0:00:15]} 14. Nd4 {[%emt 0:00:26]} c5 {
[%emt 0:00:21]} 15. Nf5 {[%emt 0:00:31]} Qb6 {[%emt 0:00:36]} 16. Nxd5 {[%emt
0:00:05]} Nxd5 {[%emt 0:00:07]} 17. Bxd5 {[%emt 0:00:10]} Bxg5 {[%emt 0:00:04]}
18. Bxb7 {[%emt 0:00:08]} Qxb7 {[%emt 0:00:01]} 19. Ne7+ {[%emt 0:00:09]} Bxe7
{[%emt 0:00:02]} 20. Qxe7 {[%emt 0:00:01]} Rfe8 {[%emt 0:00:10]} 21. Qxe8+ {
[%emt 0:00:24]} Rxe8 {[%emt 0:00:01]} 22. Rxe8+ {[%emt 0:00:01]} Nf8 {[%emt 0:
00:01]} 23. Rdd8 {[%emt 0:00:01]} h6 {[%emt 0:00:21] '} 24. Rxf8+ {[%emt 0:00:
01]} Kh7 {[%emt 0:00:01]} 25. Rfe8 {[%emt 0:00:08]} Qc7 {[%emt 0:00:05]} 26.
Rd3 {[%emt 0:00:04]} Qf4 {[%emt 0:00:11]} 27. Rde3 {[%emt 0:00:03]} Qd4 {[%emt
0:00:06]} 28. c3 {[%emt 0:00:08]} Qd1+ {[%emt 0:00:02]} 29. Re1 {[%emt 0:00:01]
} Qd2 {[%emt 0:00:01]} 30. R8e2 {[%emt 0:00:01]} Qd3 {[%emt 0:00:01]} 31. g3 {
[%emt 0:00:03]} b4 {[%emt 0:00:03]} 32. Kg2 {[%emt 0:00:01]} bxc3 {[%emt 0:00:
02]} 33. bxc3 {[%emt 0:00:01]} Qxc3 {[%emt 0:00:00]} 34. Re3 {[%emt 0:00:02]}
Qd4 {[%emt 0:00:02]} 35. R1e2 {[%emt 0:00:00]} c4 {[%emt 0:00:02]} 36. f4 {
[%emt 0:00:01]} Qd5+ {[%emt 0:00:02]} 37. Kf2 {[%emt 0:00:02]} Qc5 {[%emt 0:00:
02]} 38. Rc2 {[%emt 0:00:02]} a5 {[%emt 0:00:03]} 39. Rcc3 {[%emt 0:00:01]} Qd4
{[%emt 0:00:03]} 40. a3 {[%emt 0:00:03]} Qd2+ {[%emt 0:00:02]} 41. Kf3 {[%emt
0:00:00]} Qd1+ {[%emt 0:00:06]} 42. Ke4 {[%emt 0:00:03]} Qh1+ {[%emt 0:00:05]}
43. Kd4 {[%emt 0:00:02]} Qxh2 {[%emt 0:00:03]} 44. Kxc4 {[%emt 0:00:00]} Qa2+ {
[%emt 0:00:02]} 45. Kb5 {[%emt 0:00:01]} Qd5+ {[%emt 0:00:03]} 46. Ka4 {[%emt
0:00:01]} h5 {[%emt 0:00:03]} 47. Red3 {[%emt 0:00:05]} Qf5 {[%emt 0:00:03]}
48. Kb3 {[%emt 0:00:01]} g6 {[%emt 0:00:03]} 49. Kc2 {[%emt 0:00:03]} h4 {
[%emt 0:00:02]} 50. Kd2 {[%emt 0:00:03]} hxg3 {[%emt 0:00:02]} 51. Rxg3 {[%emt
0:00:01]} Qxf4+ {[%emt 0:00:01]} 52. Rce3 {[%emt 0:00:03]} g5 {[%emt 0:00:02]}
53. Ke2 {[%emt 0:00:01]} f5 {[%emt 0:00:02]} 54. Rh3+ {[%emt 0:00:01]} Kg6 {
[%emt 0:00:02]} 55. Ref3 {[%emt 0:00:00]} Qe4+ {[%emt 0:00:02]} 56. Kf2 {[%emt
0:00:00]} g4 {[%emt 0:00:02]} 57. Rf4 {[%emt 0:00:05]} Qxf4+ {[%emt 0:00:01]
Juckel gibt auf} 0-1